banner koha

O vigor da planta altera a densidade de galhas em populações de Baccharis longiattenuata (Asteraceae) sob distintas condições de solo? (Registro n. 332381)

MARC details
000 -LÍDER
fixed length control field 04088nab a2200265 i 4500
003 - CÓDIGO MARC DA AGÊNCIA CATALOGADORA
Campo de controle BR-BrBNA
005 - DATA E HORA DA ÚLTIMA ATUALIZAÇÃO
Campo de controle 20250703100006.0
008 - CAMPO DE TAMANHO FIXO
fixed length control field 250703b2019 bl.ar|pooa||| 00| 0 por |
040 ## - FONTE DA CATALOGAÇÃO
Agência catalogadora BR-BrBNA
Idioma da catalogação por
072 ## - CATEGORIA AGRIS
Código AGRIS H50
100 ## - ENTRADA PRINCIPAL - NOME PESSOAL
Nome pessoal Matilde-Silva, Maiara
100 ## - ENTRADA PRINCIPAL - NOME PESSOAL
Nome pessoal Boeger, Maria Regina Torres
100 ## - ENTRADA PRINCIPAL - NOME PESSOAL
Nome pessoal Melo Júnior, João Carlos Ferreira de
245 ## - TÍTULO PRINCIPAL
Título principal O vigor da planta altera a densidade de galhas em populações de Baccharis longiattenuata (Asteraceae) sob distintas condições de solo?
500 ## - NOTA GERAL
Nota geral Publicação on-line; Bibliography p. 11-13 (67 ref.); 2 tables; 2 illus.; Summaries (En, Pt)
942 ## - ADDED ENTRY ELEMENTS (KOHA)
Koha item type Analítica
520 ## - NOTA DE RESUMO
Nota de conteúdo <br/><br/>Resumo<br/><br/>A hipótese do vigor da planta sugere que plantas mais vigorosas suportam maior densidade de galhas. Este estudo<br/>avaliou tal hipótese utilizando o sistema ácaro-Baccharis longiattenuata em duas populações de restinga sob condições<br/>ambientais distintas. As medidas de vigor incluíram: altura e diâmetro do caule, volume e área da copa, número de<br/>folhas por ramo, teor de nitrogênio e área específica foliar. Os resultados evidenciaram o efeito do vigor sobre a densidade <br/>de galhas. Além do vigor da planta, outros fatores podem ter influenciado indiretamente no padrão observado.<br/>O maior aporte hídrico em restinga arbustivo-arbórea pode influenciar nas taxas de crescimento e formação de sítios<br/>meristemáticos, alterando a dinâmica galhador-hospedeiro. Diferente do esperado pela literatura, a população com<br/>folhas menos esclerófilas apresentou maior densidade de galhas. Por outro lado, em restinga arbustiva, os menores<br/>valores de AEF, em resposta à alta incidência luminosa e menor disponibilidade hídrica no solo, podem ter influenciado<br/>a maior densidade de ácaros por galha. Folhas mais esclerófilas e longevas favorecem o tempo de permanência de<br/>fêmeas na galha, aumentando a densidade de ácaros por galha neste ambiente. É apresentada uma discussão sobre as<br/>condições ambientais que podem moldar o padrão de distribuição das galhas encontrado.<br/><br/>Palavras-chave: dinâmica galhador-planta hospedeira, galha de ácaros, herbivoria em restinga, hipótese do vigor,<br/>qualidade edáfica.<br/><br/><br/><br/><br/>Abstract<br/><br/>The plant vigor hypothesis suggests that more vigorous plants support higher density of galls. This study will evaluate<br/>such hypothesis using a mite-Baccharis longiattenuata system in two restinga populations under different environmental <br/>conditions. The measures of vigor are: height and stem diameter, volume and crown area, number of leaves<br/>per branch, nitrogen content and specific leaf area. The results evidenced the vigor effect on the density of galls. In<br/>addition to plant vigor, other factors may have indirectly influenced the observed pattern. In shrub-tree restinga, the<br/>highest water intake may have influenced the growth rates and formation of meristematic sites, which changes the<br/>gall-host dynamics. Different than expected in the literature, a population with less sclerophyllous leaves presented<br/>higher density of galls. On the other hand, in shrub restinga, the lowest SLA values, in response to high light incidence<br/>and lower soil water availability, may be influenced by higher density of mites per gall, since more sclerophyllous<br/>leaves have greater longevity, favoring in the time of permanence of the mature female inside the gall, increasing the<br/>density of mites per gall in this environment. A discussion is presented of environmental conditions that conform to<br/>the gall distribution pattern found.<br/><br/>Key words: gall-host dynamics, mite gall, herbivory in restinga, vigor hypothesis, edaphic quality.
650 ## - ASSUNTO - THESAGRO
Cabeçalho tópico ou nome geográfico GALHA
650 ## - ASSUNTO - THESAGRO
Cabeçalho tópico ou nome geográfico RESTINGA
650 ## - ASSUNTO - THESAGRO
Cabeçalho tópico ou nome geográfico TESTE DE VIGOR
650 ## - ASSUNTO - THESAGRO
Cabeçalho tópico ou nome geográfico COMPOSITAE
773 0# - ENTRADA ANALÍTICA
Host Biblionumber 709
Registro do item 351354
Imprenta Rio de Janeiro-RJ Jardim Botanico do Rio de Janeiro 1935
Outro identificador 2025-3977
Título Rodriguésia (Brazil)
ISSN 0370-6583; 2175-7860 on-line
Colação v. 70 p. 1-13; (2019)
Número de controle de registro BR2025003136
856 ## - ACESSO E ENDEREÇO ELETRÔNICO
Identificador uniforme de recurso - URI https://www.scielo.br/j/rod/a/mhNBptKz57shzp3YfJJKrWk/?format=pdf&lang=pt

Nenhum exemplar disponível.

BINAGRI

Telefone: (61)3218-2567/2388/3357/2097 - binagri@agro.gov.br

Ministério da Agricultura e Pecuária , Esplanada dos Ministérios, Bloco D, Anexo B, Brasília/DF, CEP: 70.043-900